000 00535nmm a2200193Ia 4500
008 251105s9999||||xx |||||||||||||||||und||
020 _a9788433978301
041 _aspa
100 _aPàmies, Sergi
245 0 _aUna forma de vida
264 _a[Madrid, España] :
_bEditorial Anagrama,
_c2012
300 _a152 páginas
490 _aPanorama de narrativas
650 _aOther narratives
700 _aPàmies, Sergi
700 1 _a Nothomb, Amélie
856 _uhttps://public.digitaliapublishing.com/a/33123
942 _cCF
999 _c69709
_d69709